| 000 | 00448nam a2200169Ia 4500 | ||
|---|---|---|---|
| 008 | 151213s9999 xx 000 0 und d | ||
| 020 | _a81-2033044-7 | ||
| 100 | _aNaresh K. Malhotra | ||
| 245 |
_aMarketing Research , an Applied Orientation _cNaresh K. Malhotra |
||
| 250 | _a5th | ||
| 260 |
_aNew Delhi _bPrentic Hall _c2007 |
||
| 300 | _a4986 p. | ||
| 650 | _aMarketing | ||
| 650 | _aMarketing | ||
| 700 | _aNaresh K. Malhotra | ||
| 999 |
_c3107 _d3107 |
||